[Event "Stjernen CC-ch B"]
[Site "Oslo"]
[Date "2017.03.07"]
[Round "4"]
[White "Marosevic, Tomislav"]
[Black "Bergh, Nicholas"]
[Result "1-0"]
[WhiteElo "1575"]
[BlackElo "1531"]
[PlyCount "89"]
[EventDate "2017.02.07"]
[EventType "swiss"]
[EventRounds "9"]
[EventCountry "NOR"]
[SourceTitle "EXT 2024"]
[Source "ChessBase"]
[SourceDate "2023.10.10"]
[SourceVersion "1"]
[SourceVersionDate "2023.10.10"]
[SourceQuality "1"]

1. d4 e6 2. c4 f5 3. g3 Nf6 4. Bg5 Bb4+ 5. Nd2 0-0 6. Bg2 d6 7. Nh3 Qe8 8. Bxf6 Rxf6 9. a3 Bxd2+ 10. Qxd2 e5 11. Bd5+ Kh8 12. Ng5 Nc6 13. dxe5 dxe5 14. Bxc6 bxc6 15. c5 h6 16. h4 Be6 17. Nxe6 Qxe6 18. Rd1 Rff8 19. Qd7 Qb3 20. Qxc6 Rad8 21. Rxd8 Rxd8 22. 0-0 Qxb2 23. Qxc7 Rd2 24. Qxa7 Rxe2 25. c6 Rc2 26. c7 Qc3 27. a4 Qxc7 28. Qxc7 Rxc7 29. a5 Ra7 30. Ra1 Kg8 31. f3 Kf7 32. Kf2 Ke6 33. Ke3 Kd5 34. a6 Kc6 35. Kd3 Kd5 36. Ra5+ Ke6 37. Kc4 e4 38. fxe4 fxe4 39. Kd4 g6 40. Kxe4 h5 41. Kd4 Rd7+ 42. Kc4 Rd1 43. a7 Rc1+ 44. Kd3 Rd1+ 45. Ke2 1-0

[Event "Oslo op"]
[Site "Fornebu"]
[Date "2016.09.30"]
[Round "7"]
[White "Bergh, Nicholas"]
[Black "Aure, Anders Nilsson"]
[Result "0-1"]
[WhiteElo "1534"]
[BlackElo "1757"]
[PlyCount "36"]
[EventDate "2016.09.30"]
[EventType "swiss"]
[EventRounds "9"]
[EventCountry "NOR"]
[SourceTitle "EXT 2018"]
[Source "ChessBase"]
[SourceDate "2017.10.13"]
[SourceVersion "1"]
[SourceVersionDate "2017.10.13"]
[SourceQuality "1"]

1. e4 c5 2. c3 d5 3. exd5 Qxd5 4. d4 Nf6 5. Nf3 e6 6. Na3 Nc6 7. Be3 cxd4 8. Bc4 Qd8 9. Nxd4 Bxa3 10. Nxc6 Qxd1+ 11. Rxd1 bxc6 12. bxa3 0-0 13. Bc5 Re8 14. Ke2 Nd5 15. Bb4 a5 16. Bxd5 exd5+ 17. Kd3 axb4 18. axb4 Bf5+ 0-1

[Event "Oslo op"]
[Site "Fornebu"]
[Date "2016.09.30"]
[Round "2"]
[White "Lindbol, Aleksander"]
[Black "Bergh, Nicholas"]
[Result "1-0"]
[WhiteElo "1855"]
[BlackElo "1534"]
[PlyCount "69"]
[EventDate "2016.09.30"]
[EventType "swiss"]
[EventRounds "9"]
[EventCountry "NOR"]
[SourceTitle "EXT 2018"]
[Source "ChessBase"]
[SourceDate "2017.10.13"]
[SourceVersion "1"]
[SourceVersionDate "2017.10.13"]
[SourceQuality "1"]

1. e4 d5 2. exd5 Qxd5 3. Nf3 Bg4 4. Be2 Nf6 5. Nc3 Qd6 6. 0-0 c6 7. d4 Nbd7 8. Be3 Nb6 9. Ne5 Bxe2 10. Qxe2 e6 11. Rfd1 Be7 12. Bf4 Nbd5 13. Nxf7 Qxf4 14. Nxh8 Ng4 15. g3 Qf5 16. Nxd5 exd5 17. Re1 Qd7 18. f3 Nf6 19. g4 Kf8 20. g5 Nh5 21. g6 h6 22. Nf7 Nf4 23. Qd2 Qf5 24. Ne5 Bg5 25. Kh1 Nxg6 26. Nxg6+ Qxg6 27. f4 Be7 28. Qg2 Qf6 29. c3 Bd6 30. f5 Kg8 31. Qg6 Qxg6 32. fxg6 Rf8 33. Re6 Rd8 34. Rae1 a6 35. Rxd6 1-0

[Event "Stjernen CC-ch B"]
[Site "Oslo"]
[Date "2016.??.??"]
[Round "4"]
[White "Bergh, Nicholas"]
[Black "Smedsrud, Morten S"]
[Result "1-0"]
[WhiteElo "1494"]
[BlackElo "1273"]
[PlyCount "107"]
[EventDate "2016.02.02"]
[EventType "swiss"]
[EventRounds "9"]
[EventCountry "NOR"]
[SourceTitle "EXT 2024"]
[Source "ChessBase"]
[SourceDate "2023.10.10"]
[SourceVersion "1"]
[SourceVersionDate "2023.10.10"]
[SourceQuality "1"]

1. f4 d5 2. e3 Nf6 3. Nf3 Bf5 4. b3 e6 5. Bb2 Be7 6. Be2 0-0 7. Ne5 h6 8. 0-0 c5 9. Bf3 Qc7 10. d3 Nc6 11. Nd2 Rfd8 12. Rc1 Nd7 13. Nxc6 Qxc6 14. e4 dxe4 15. dxe4 Bg6 16. f5 Bh7 17. e5 Qc7 18. f6 gxf6 19. exf6 Bxf6 20. Bxf6 Nxf6 21. Bxb7 Qxb7 22. Rxf6 Bg6 23. Qf3 Qd5 24. Qxd5 Rxd5 25. Nc4 e5 26. Ne3 Rd2 27. Nc4 Rd5 28. Rd6 Rxd6 29. Nxd6 Kg7 30. Kf2 f5 31. g3 Kf6 32. Ke3 Ke6 33. Nb5 Kd7 34. Rd1+ Ke7 35. Rd5 Kf6 36. Rxc5 a6 37. Nc7 Ra7 38. Rc6+ Kg5 39. Nxa6 h5 40. Nb4 Be8 41. Rc5 Re7 42. Nd5 Rd7 43. Nc3 Re7 44. Nd5 Rd7 45. a4 h4 46. gxh4+ Kxh4 47. Nf6 Re7 48. Nxe8 Rxe8 49. a5 f4+ 50. Kf3 e4+ 51. Kxf4 e3 52. Rc7 Kh3 53. Kf3 Kxh2 54. Ke2 1-0

[Event "Stjernen CC-ch B"]
[Site "Oslo"]
[Date "2016.??.??"]
[Round "3"]
[White "Simula, Sandra Nikoline"]
[Black "Bergh, Nicholas"]
[Result "0-1"]
[WhiteElo "1461"]
[BlackElo "1494"]
[PlyCount "46"]
[EventDate "2016.02.02"]
[EventType "swiss"]
[EventRounds "9"]
[EventCountry "NOR"]
[SourceTitle "EXT 2024"]
[Source "ChessBase"]
[SourceDate "2023.10.10"]
[SourceVersion "1"]
[SourceVersionDate "2023.10.10"]
[SourceQuality "1"]

1. e4 e6 2. Nc3 d5 3. exd5 exd5 4. Bb5+ c6 5. Ba4 Nf6 6. d3 Bd6 7. Nf3 0-0 8. 0-0 Bg4 9. Bg5 Nbd7 10. h3 Bh5 11. Re1 Ne5 12. Re3 Nxf3+ 13. gxf3 d4 14. Re4 dxc3 15. bxc3 Qd7 16. Bxf6 gxf6 17. Rh4 Qf5 18. Qf1 Bxf3 19. d4 Kh8 20. Qc1 Rg8+ 21. Kf1 Bg2+ 22. Ke1 Rae8+ 23. Kd1 Qf3+ 0-1

[Event "Oslo Stjernens op"]
[Site "Oslo"]
[Date "2015.11.07"]
[Round "3"]
[White "Tenold, Andreas"]
[Black "Bergh, Nicholas"]
[Result "1-0"]
[WhiteElo "1249"]
[BlackElo "1000"]
[PlyCount "129"]
[EventDate "2015.11.06"]
[EventType "swiss"]
[EventRounds "5"]
[EventCountry "NOR"]
[SourceTitle "CBM 169 Extra"]
[Source "ChessBase"]
[SourceDate "2015.12.18"]
[SourceVersion "1"]
[SourceVersionDate "2015.12.18"]
[SourceQuality "1"]

1. e4 e6 2. d4 d5 3. Nc3 Nf6 4. e5 Nfd7 5. Nf3 c5 6. Be3 Nc6 7. Be2 Be7 8. 0-0 Qb6 9. Qd2 f6 10. dxc5 Bxc5 11. Na4 Bxe3 12. Nxb6 Bxd2 13. Nxa8 Ba5 14. exf6 Nxf6 15. a3 0-0 16. b4 Bd8 17. c4 b6 18. Nxb6 axb6 19. Rac1 Ne7 20. Rfe1 Bb7 21. Nd4 e5 22. Nb5 d4 23. c5 Nc6 24. Bc4+ Kh8 25. Nd6 Ba8 26. Nf7+ Rxf7 27. Bxf7 e4 28. Ba2 Ne5 29. cxb6 Bb7 30. Rcd1 Bxb6 31. Bb1 d3 32. Ba2 Nfg4 33. Rf1 Ba6 34. h3 Nf6 35. a4 Nc4 36. b5 Bxb5 37. axb5 Na3 38. Rd2 Nxb5 39. Rb2 Nc3 40. Bc4 Ne2+ 41. Kh1 Bc7 42. Rxe2 dxe2 43. Bxe2 Bb6 44. Rb1 Bc7 45. Rb7 Be5 46. Re7 Bd4 47. f3 exf3 48. Bxf3 h6 49. g4 Kh7 50. Kg2 Kg6 51. h4 Ng8 52. Re4 Bf6 53. Kg3 Ne7 54. h5+ Kg5 55. Ra4 Be5+ 56. Kh3 Ng8 57. Bd5 Nf6 58. Be6 g6 59. Ra5 gxh5 60. Rxe5+ Kf4 61. Rf5+ Ke4 62. Rxf6 hxg4+ 63. Kxg4 Ke5 64. Rxh6 Ke4 65. Rh5 1-0

[Event "Oslo Stjernens op"]
[Site "Oslo"]
[Date "2015.11.06"]
[Round "1"]
[White "Lilleseth, Eivind"]
[Black "Bergh, Nicholas"]
[Result "0-1"]
[WhiteElo "1621"]
[BlackElo "1000"]
[PlyCount "68"]
[EventDate "2015.11.06"]
[EventType "swiss"]
[EventRounds "5"]
[EventCountry "NOR"]
[SourceTitle "CBM 169 Extra"]
[Source "ChessBase"]
[SourceDate "2015.12.18"]
[SourceVersion "1"]
[SourceVersionDate "2015.12.18"]
[SourceQuality "1"]

1. f4 e5 2. fxe5 d6 3. Nf3 Nc6 4. e4 dxe5 5. Bb5 Bd7 6. Bxc6 Bxc6 7. d3 Bd6 8. Qe2 Ne7 9. Nbd2 Ng6 10. Nc4 Qe7 11. Be3 Nf4 12. Bxf4 exf4 13. 0-0-0 0-0 14. Nxd6 Qxd6 15. Qf2 a5 16. Nd4 Bd7 17. Rdf1 a4 18. Ne2 f5 19. Nc3 a3 20. b3 Qe5 21. d4 Qe7 22. e5 Bc6 23. h4 Rad8 24. Ne2 Qd7 25. h5 h6 26. Rh4 Be4 27. Rd1 Qc6 28. Nxf4 Qc3 29. Nd3 Rxd4 30. Rh3 Rfd8 31. e6 Rxd3 32. Rdxd3 Rxd3 33. Rxd3 Bxd3 34. Qe3 Qxc2# 0-1